Library of packages (Record no. 118149)

MARC details
000 -LEADER
fixed length control field 01186cam a2200229 4500
001 - CONTROL NUMBER
control field WB@3612-48
008 - FIXED-LENGTH DATA ELEMENTS--GENERAL INFORMATION
fixed length control field 041013n2004 000 0 eng u
035 ## - SYSTEM CONTROL NUMBER
System control number (Sirsi) u127687
245 ## - TITLE STATEMENT
Title Library of packages
260 ## - PUBLICATION, DISTRIBUTION, ETC.
Date of publication, distribution, etc. 2004
490 ## - SERIES STATEMENT
Series statement BRE News Release
Volume/sequential designation 6 October 2004 (2)
520 ## - SUMMARY, ETC.
Summary, etc. A new database has been developed by BRE to make it easier for housebuilders to adopt different methods of construction. The Library of Housing Construction Packages is available at: http://www.projects.bre.co.uk/library/ and will be continuously updated. The project has developed a library of measured process and resource data related to construction packages and tasks for a range of construction forms. It contains around 200 data packages from 14 different projects and process maps for each package, as well as issues that affected the construction process and digital photographs. http://www.bre.co.uk/news.jsp?id=254
590 ## - LOCAL NOTE (RLIN)
Local note WB
590 ## - LOCAL NOTE (RLIN)
Local note WB
650 ## - SUBJECT ADDED ENTRY--TOPICAL TERM
Topical term or geographic name entry element HOUSING DESIGN
650 ## - SUBJECT ADDED ENTRY--TOPICAL TERM
Topical term or geographic name entry element HOUSE BUILDING
650 ## - SUBJECT ADDED ENTRY--TOPICAL TERM
Topical term or geographic name entry element DEVELOPERS
650 ## - SUBJECT ADDED ENTRY--TOPICAL TERM
Topical term or geographic name entry element HOUSE BUILDERS
650 ## - SUBJECT ADDED ENTRY--TOPICAL TERM
Topical term or geographic name entry element CONSTRUCTION
690 ## - LOCAL SUBJECT ADDED ENTRY--TOPICAL TERM (OCLC, RLIN)
Topical term or geographic name as entry element BUILDING AND CONSTRUCTION-DESIGN AND STRUCTURES
942 ## - ADDED ENTRY ELEMENTS (KOHA)
Suppress in OPAC 0
Holdings
Withdrawn status Lost status Source of classification or shelving scheme Damaged status Not for loan Home library Current library Shelving location Date acquired Total Checkouts Full call number Barcode Date last seen Copy number Price effective from Koha item type
    Dewey Decimal Classification     London London News article 13/10/2004   WB4039-02 127687-1001 06/08/2019 1 06/08/2019 News article